000 00430nam a22001697a 4500
999 _c522721
_d522721
003 NUST
038 _awaseem
082 _a891.4391
_bSHA
100 _aShamim, Tahira
_912940
245 _aGarish-E-Doraa
_cTahira Shamim
260 _aKarachi :
_bKafiyat Academy,
_c1974.
300 _a106 p. ;
500 _aHardcover.
880 _6100-01\r
_aطاہرہ شمیم
880 _6245-02\r
_aگردش دوراں
942 _2ddc
_cBK